000 00730nam a2200289Ia 4500
001 18500
003 IT-RoPAU
008 130308s9999 xx 000 0 und d
040 _aIT-RoPAU
040 _cIT-RoPAU
041 _aFRANCESE
100 _aVescia Francois
100 _gCodice Aut. SPICS: 12988
245 _aDrole de desir
245 _bInformatique Matin, Midi... et Soir!
250 _a1a ed.
260 _aPARIS
260 _bSeuil
260 _c1982 [1° Ed.:1982 - Ed.Ling.Originale:1982]
300 _a"5 p. (prefazione: no ; testo: 5 [pagine: 196-200])"
650 _aSAGGI DI INFORMATICA
650 _eCodice materia Spics: 4207
942 _cBK
957 _71
999 _c46491
_d46491
999 _bSI
999 _g1